[Event "5th Highlands Open A"]
[Site "Zdar nad Sazavou CZE"]
[Date "2008.09.20"]
[Round "1"]
[White "Haba,Z"]
[Black "Cifka,S"]
[Result "0-1"]
[WhiteElo "2204"]
[BlackElo "2439"]

1.d4 Nf6 2.c4 e6 3.g3 Bb4+ 4.Bd2 a5 5.Bg2 d5 6.a3 Be7 7.Qc2 O-O 8.Nf3 c6
9.O-O b6 10.cxd5 cxd5 11.Bf4 Ba6 12.Nc3 Nc6 13.Rfd1 Bd6 14.Bxd6 Qxd6 15.e4 dxe4
16.Nxe4 Nxe4 17.Qxe4 h6 18.d5 exd5 19.Qxd5 Qxd5 20.Rxd5 Rac8 21.Nh4 Rfd8
22.Nf5 Kf8 23.Nd6 Ne7 24.Nxc8 Nxd5 25.Bxd5 Bxc8 26.Be4 Rd2 27.Rb1 Bh3 28.b4 Ra2
29.bxa5 bxa5 30.Bg2 Be6 31.Bc6 Rxa3 32.Kg2 Ke7 33.Rd1 Rc3 34.Bd5 a4 35.Bxe6 Kxe6
36.Rd4 a3 37.Ra4 Kd5 38.Ra7 Kc4 39.Rxf7 a2 40.Ra7 Kb3 41.Rb7+ Kc2  0-1

[Event "EYb18"]
[Site "Herceg Novi MNE"]
[Date "2008.09.21"]
[Round "6"]
[White "Rozum,I"]
[Black "Stupak,K"]
[Result "1/2-1/2"]
[WhiteElo "2444"]
[BlackElo "2458"]

1.d4 Nf6 2.c4 e6 3.g3 Bb4+ 4.Bd2 a5 5.Bg2 d6 6.Nf3 Qe7 7.Nc3 Nc6 8.O-O Bxc3
9.Bxc3 Ne4 10.Rc1 O-O 11.d5 Nxc3 12.Rxc3 Nb4 13.a3 Na6 14.dxe6 fxe6 15.Nd4 Rb8
16.b3 e5 17.Nc2 Be6 18.Qd2 b5 19.Ne3 Nc5 20.Nd5 Bxd5 21.Bxd5+ Kh8 22.b4 Na4
23.Rc2 axb4 24.axb4 bxc4 25.Bxc4 c5 26.bxc5 Nxc5 27.Bd5 Qf6 28.e3 e4 29.Qd4 Qf5
30.Rc4 Rbe8 31.f4 exf3 32.Bxf3 Qe5 33.Rc3 Qxd4 34.exd4 Ne6 35.Rd3 g5 36.Bc6 Rxf1+
37.Kxf1 Rb8 38.Bd7 Nc7 39.Rc3 Rb1+ 40.Kg2 Nd5 41.Rc6 Rb2+ 42.Kh3 Rd2 43.Rxd6 Rxd4
44.Re6 Kg7 45.Bc6 Nf6 46.Re2 h5 47.Kg2 h4 48.Rc2 Kg6 49.Bb7 hxg3 50.hxg3 g4
51.Re2 Rb4 52.Bc6 Rb3 53.Kh2 Rc3 54.Bb5 Nd5 55.Bd7 Nf6 56.Be6 Ra3 57.Bc8 Rb3
58.Rc2 Re3 59.Ra2 Re8 60.Rc2  1/2-1/2

[Event "5th Highlands Open A"]
[Site "Zdar nad Sazavou CZE"]
[Date "2008.09.22"]
[Round "3"]
[White "Jirka,J"]
[Black "Zpevak,P"]
[Result "1-0"]
[WhiteElo "2457"]
[BlackElo "2423"]

1.d4 Nf6 2.c4 e6 3.g3 Bb4+ 4.Bd2 Qe7 5.Bg2 Nc6 6.Nf3 Bxd2+ 7.Nbxd2 d6 8.O-O e5
9.d5 Nb8 10.e4 a5 11.Ne1 O-O 12.Nd3 Na6 13.f4 Nd7 14.f5 f6 15.Rf3 Ndc5 16.Nf2 c6
17.g4 Bd7 18.Qe2 Rab8 19.Bf1 Rfc8 20.Rg3 Nb4 21.Nf3 cxd5 22.cxd5 Be8 23.Qd2 Kh8
24.b3 b5 25.Rc1 Qa7 26.Kh1 Nxb3 27.axb3 Rxc1 28.Qxc1 Qxf2 29.Nd2 Qc5 30.Rc3 Qb6
31.Qe1 Bd7 32.Nf3 Rc8 33.Rxc8+ Bxc8 34.g5 Bd7 35.gxf6 gxf6 36.Qh4 Qd8 37.Qh6 Na6
38.Ng5 fxg5 39.Qxd6 Nb4 40.Bxb5 Qc8 41.Qxe5+ Kg8 42.Bc4 Be8 43.d6+ Bf7 44.Qe7 Qf8
45.Qxg5+ Qg7 46.Bxf7+ Kxf7 47.Qe7+ Kg8 48.Qe8+ Qf8 49.d7 Nc6 50.Qe6+  1-0

[Event "EYb18"]
[Site "Herceg Novi MNE"]
[Date "2008.09.23"]
[Round "8"]
[White "Gluszko,T"]
[Black "Nitelea,B"]
[Result "1/2-1/2"]
[WhiteElo "2225"]
[BlackElo "2066"]

1.d4 Nf6 2.c4 e6 3.g3 Bb4+ 4.Bd2 c5 5.Nf3 Qb6 6.Bxb4 Qxb4+ 7.Qd2 Nc6 8.Qxb4 Nxb4
9.Na3 b6 10.Bg2 Bb7 11.O-O cxd4 12.Nb5 Ke7 13.a3 Nc6 14.Nfxd4 a6 15.Nxc6+ Bxc6
16.Bxc6 dxc6 17.Nc3 Rhd8 18.Rfd1 Rxd1+ 19.Rxd1 c5 20.f3 Nd7 21.Kf2 Rg8 22.Rc1 Ne5
23.Ne4 Rd8 24.Ke1 Nc6 25.Nd2 Nd4 26.e3 Nc6 27.Rc3 Ne5 28.Ke2 Nd7 29.Rd3 Rb8
30.Rc3 f5 31.h3 Kd6 32.f4 Nf6  1/2-1/2

[Event "Open"]
[Site "Yuzhny UKR"]
[Date "2008.09.23"]
[Round "5"]
[White "Kamenets,A"]
[Black "Horoschavina,O"]
[Result "1-0"]
[WhiteElo "2265"]
[BlackElo "2076"]

1.d4 Nf6 2.c4 e6 3.g3 Bb4+ 4.Bd2 Bxd2+ 5.Qxd2 d5 6.Nc3 O-O 7.Nf3 b6 8.Bg2 Bb7
9.Ne5 Nbd7 10.f4 Ne4 11.Nxe4 dxe4 12.e3 Nxe5 13.fxe5 c5 14.O-O Qc7 15.Qc2 Rad8
16.Rad1 cxd4 17.exd4 Bd5 18.b3 e3 19.Rfe1 f6 20.Rxe3 Bxg2 21.Kxg2 fxe5 22.Rxe5 Rxd4
23.Rxe6 Qf7 24.Rde1 Qd7 25.R6e2 h5 26.Qg6 h4 27.Qe6+ Qxe6 28.Rxe6 hxg3 29.hxg3 Rd2+
30.R1e2 Rd7 31.Re7 Rfd8 32.Kf3 Kf8 33.Rxd7 Rxd7 34.Kf4 Kf7 35.Kf5 Rd3 36.g4 Rf3+
37.Ke4 Rg3 38.Rd2 Ke6 39.Kf4 Rg1 40.Kg5 a5 41.Rd5 Rg2 42.a4 Re2 43.Kg6 Re5
44.Kxg7 Rxd5 45.cxd5+ Kxd5 46.g5 Kc5 47.g6 Kb4 48.Kf6 Kxb3 49.g7 Kxa4 50.g8=Q  1-0

[Event "5th Highlands Open A"]
[Site "Zdar nad Sazavou CZE"]
[Date "2008.09.23"]
[Round "4"]
[White "Jirka,J"]
[Black "Stocek,J"]
[Result "1/2-1/2"]
[WhiteElo "2457"]
[BlackElo "2559"]

1.d4 e6 2.c4 Nf6 3.g3 Bb4+ 4.Bd2 c5 5.Bxb4 cxb4 6.Bg2 O-O 7.e4 d6 8.Ne2 e5
9.O-O Bg4 10.f3 Be6 11.b3 exd4 12.Nxd4 Nc6 13.Kh1 Qb6 14.Nc2 a5 15.Nd2 a4
16.Qe2 Ra5 17.Rfd1 Rfa8 18.Rab1 axb3 19.axb3 Ra2 20.Nf1 Qc5 21.Nfe3 h5 22.Qd3 Rd8
23.Ra1 Rxa1 24.Rxa1 h4 25.f4 hxg3 26.hxg3 Re8 27.Bf3 g6 28.Kg2 Kg7 29.Rh1 Rh8
30.Rxh8  1/2-1/2

[Event "5th Highlands Open A"]
[Site "Zdar nad Sazavou CZE"]
[Date "2008.09.28"]
[Round "9"]
[White "Jirka,J"]
[Black "Cifka,S"]
[Result "1-0"]
[WhiteElo "2457"]
[BlackElo "2439"]

1.d4 Nf6 2.c4 e6 3.g3 Bb4+ 4.Bd2 Be7 5.Bg2 d5 6.Qc2 O-O 7.Nf3 c6 8.O-O b6
9.Bf4 Ba6 10.b3 Nbd7 11.Rd1 Rc8 12.Nc3 Nh5 13.Bc1 f5 14.e3 Nhf6 15.Ng5 Qe8
16.Nxe6 Rf7 17.Ng5 Rf8 18.Qxf5 Bb4 19.Bd2 Qh5 20.Bf3 Qe8 21.Nxd5 Bxd2 22.Nxf6+  1-0

[Event "Zvenigorodskaya Open A"]
[Site "Zvenigorod RUS"]
[Date "2008.09.30"]
[Round "9"]
[White "Korobkov,P"]
[Black "Paveliev,A"]
[Result "0-1"]
[WhiteElo "2516"]
[BlackElo "2390"]

1.d4 e6 2.c4 Nf6 3.g3 Bb4+ 4.Bd2 Bxd2+ 5.Qxd2 d5 6.Bg2 O-O 7.Nf3 c6 8.Qc2 Ne4
9.O-O Nd7 10.Nbd2 f5 11.b3 Qe7 12.Ne1 b6 13.Nd3 Bb7 14.Nf3 c5 15.cxd5 exd5
16.e3 Rac8 17.dxc5 bxc5 18.Qb2 Ndf6 19.Qa3 Rc6 20.Rac1 Rfc8 21.Rfd1 Ra6 22.Qb2 c4
23.Nf4 g5 24.Ne2 Nxf2 25.Kxf2 Ng4+ 26.Kf1 Qxe3 27.Ned4 c3 28.Qe2 Rxa2  0-1

[Event "58th TCh m 1st Div"]
[Site "Borovets BUL"]
[Date "2008.10.06"]
[Round "6"]
[White "Tzekov,S"]
[Black "Panajotov,J"]
[Result "1/2-1/2"]
[WhiteElo "2217"]
[BlackElo "2214"]

1.d4 e6 2.c4 Nf6 3.g3 Bb4+ 4.Bd2 Be7 5.Bg2 c5 6.d5 e5 7.Nc3 O-O 8.Qc2 Na6
9.a3 Ne8 10.Nf3 d6 11.O-O Rb8 12.b4 cxb4 13.axb4 Nxb4 14.Qb2 a5 15.Nb5 Nf6
16.Bxb4 axb4 17.Qxb4 Ne4 18.Rfd1 Qb6 19.e3 Nc5 20.Qb1 Bg4 21.Rd2 Ra8 22.Rda2 Ra6
23.Nd2 Rfa8 24.Nb3 Na4 25.Qc2 Bd7 26.Bf1 g6 27.Nd2 Nc5 28.Nb3 Bf5 29.Qb2 Na4
30.Qd2 Nc5 31.Qb2 Bd8 32.Ra3 Bd7 33.R1a2 Nxb3 34.Qxb3 Qc5 35.Ra4 Ba5 36.Qb1 Bf5
37.Qa1 Bd2 38.Rxa6 Rxa6 39.Rxa6 bxa6 40.Qxa6 Bxe3 41.Nxd6 Bxf2+ 42.Kg2 Be1
43.Qa8+ Kg7 44.Nxf5+ gxf5 45.Qa2 Bb4 46.Qe2 Qe7 47.Qf2 Kg6 48.Be2 Bc5 49.Qf3 Qg5
50.h4 Qd2 51.Kh3 e4 52.Qh5+ Kf6 53.Bf1 h6 54.Qe2 Qc1 55.Kg2 Qc3 56.Qh5 Qd2+
57.Qe2 Qd4 58.Kh3 Bd6 59.Bg2 Qc3 60.Qf2 Qxc4 61.Qe3 Kg7 62.g4 fxg4+ 63.Kxg4 f5+
64.Kh5 Qxd5 65.Qxh6+ Kf7 66.Qg6+ Ke7 67.Qg5+ Ke6 68.Bh3 Kf7 69.Qxf5+  1/2-1/2

[Event "1st WMSG Blitz Pair"]
[Site "Beijing CHN"]
[Date "2008.10.08"]
[Round "9"]
[White "Vasilevich,T"]
[Black "Socko,M"]
[Result "1-0"]
[WhiteElo "2368"]
[BlackElo "2434"]

1.d4 Nf6 2.c4 e6 3.g3 Bb4+ 4.Bd2 a5 5.Bg2 O-O 6.Nf3 d6 7.O-O Nc6 8.Bg5 a4
9.a3 Ba5 10.Qxa4 Bd7 11.Qc2 h6 12.Bf4 d5 13.c5 Nh5 14.Ra2 e5 15.Bxe5 f6 16.Bf4 Nxf4
17.gxf4 Bg4 18.e3 Qe7 19.Qb3 Rfd8 20.Qxb7 Qe6 21.Qb3 Ne7 22.Qc2 Bf5 23.Qe2 c6
24.b4 Bc7 25.Nc3 Ng6 26.a4 Bg4 27.Rfa1 Nh4 28.b5 Qf7 29.h3 Bh5 30.b6 Qg6
31.Nxh4 Qf7 32.Bf3 Bg6 33.Nxg6 Qxg6+ 34.Bg2 Bb8 35.a5 Re8 36.Qf3 Ra6 37.Qe2 Ra8
38.Qf1 f5 39.a6 Re7 40.a7 Bxf4 41.exf4 Qf6 42.Qd3 g6 43.Rd2 Kh7 44.Re2 Rf7
45.Re5 g5 46.fxg5 Qxg5 47.Qe3 Qg6 48.Kh2 f4 49.Qf3 Rg7 50.Rae1 Rag8 51.Rg1 Qc2
52.Ne2 Qd2 53.Nxf4 Qxd4 54.Qd3+ Qxd3 55.Nxd3 d4 56.Nf4 Rf8 57.Ne6 d3 58.Nxf8+  1-0

[Event "1st WMSG Rapid Pair"]
[Site "Beijing CHN"]
[Date "2008.10.10"]
[Round "4"]
[White "Batchuluun,C"]
[Black "Markos,J"]
[Result "1-0"]
[WhiteElo "2346"]
[BlackElo "2557"]

1.d4 Nf6 2.c4 e6 3.g3 Bb4+ 4.Bd2 a5 5.Bg2 d5 6.Qc2 Nc6 7.Nf3 dxc4 8.Qxc4 Qd5
9.Qxd5 exd5 10.a3 Bxd2+ 11.Nbxd2 Bf5 12.Rc1 Ke7 13.O-O Kd6 14.e3 a4 15.Ne5 Rhf8
16.Rc3 Ra6 17.Rfc1 Rb6 18.Nxc6 bxc6 19.b4 axb3 20.Nxb3 Ra8 21.Nc5 Rb2 22.h3 Nd7
23.g4 Be6 24.Nxe6 fxe6 25.Rxc6+ Ke7 26.R1c3 Ra2 27.Rxc7 R8xa3 28.Rxa3 Rxa3
29.h4 h6 30.g5 hxg5 31.hxg5 Kd6 32.Rc8 Ra7 33.Bh3 Nb6 34.Re8 Re7 35.Rd8+ Rd7
36.Rb8 Nc4 37.Re8 Re7 38.Ra8 Rb7 39.Kg2 Rb2 40.Ra6+ Rb6 41.Ra7 Rb2 42.Kg3 Nd2
43.Bg2 Ne4+ 44.Bxe4 dxe4 45.Rxg7 e5 46.dxe5+ Kxe5 47.Rf7 Rb1 48.Kg4 Rh1 49.Re7+ Kd5
50.g6 Rg1+ 51.Kf5 Rg2 52.Rd7+ Kc6 53.Rd2  1-0

[Event "1st WMSG Blitz Team w"]
[Site "Beijing CHN"]
[Date "2008.10.13"]
[Round "5"]
[White "Cua,Sheri"]
[Black "Azarova,N"]
[Result "1-0"]
[WhiteElo "2143"]
[BlackElo "2308"]

1.d4 Nf6 2.c4 e6 3.g3 Bb4+ 4.Bd2 Be7 5.Bg2 d5 6.Nf3 O-O 7.O-O Nbd7 8.b3 b6
9.Bc3 Ba6 10.Nbd2 c5 11.Rc1 Rc8 12.Bb2 Re8 13.dxc5 bxc5 14.Qc2 Qb6 15.Rfd1 Bb7
16.e3 Bf8 17.h4 Red8 18.cxd5 exd5 19.Ng5 h6 20.Nh3 g6 21.Nf4 Bg7 22.Nf1 Nf8
23.Bxf6 Qxf6 24.Bxd5 Bxd5 25.Nxd5 Qe6 26.e4 g5 27.hxg5 hxg5 28.Nfe3 Ng6 29.Nf5 Re8
30.Kg2 Qxe4+ 31.Qxe4 Rxe4 32.Nd6 Ree8 33.Nxe8 Rxe8 34.Rxc5 Ne5 35.Re1 Rd8
36.Ne7+ Kf8 37.Rcxe5 Bxe5 38.Rxe5 f6 39.Re3 Rd2 40.a4 Kf7 41.Nc6 a6 42.Nb4 Rd6
43.Rc3 Rb6 44.Nd5 Rb8 45.Ne3 Kg6 46.Rc6 a5 47.Rc3 Kf7 48.Nc4 Ra8 49.Rd3 Ke6
50.Rd6+ Ke7 51.Rd5 Rb8 52.Nxa5 Ke6 53.Rb5  1-0

[Event "1st WMSG Rapid Team w"]
[Site "Beijing CHN"]
[Date "2008.10.15"]
[Round "5"]
[White "Tsiganova,M"]
[Black "Mira,H"]
[Result "1-0"]
[WhiteElo "2208"]
[BlackElo "2115"]

1.d4 Nf6 2.c4 e6 3.g3 Bb4+ 4.Nd2 c5 5.dxc5 O-O 6.Bg2 Bxc5 7.Nb3 Bb4+ 8.Bd2 Be7
9.e4 d6 10.Ne2 Nc6 11.O-O Qc7 12.Rc1 b6 13.Nbd4 Bb7 14.Nb5 Qd7 15.Bc3 Rfd8
16.f3 a6 17.Nbd4 Nxd4 18.Nxd4 Rac8 19.Qe2 Qc7 20.b3 Qb8 21.Rfd1 Qa8 22.Bb2 Bf8
23.Rd2 Re8 24.Rcd1 Nd7 25.Nc2 b5 26.cxb5 axb5 27.Qxb5 Bc6 28.Qe2 Qxa2 29.Nd4 Qa7
30.Kh1 Qb6 31.Nxc6 Qxc6 32.Ba3 Nc5 33.b4 Nd7 34.b5 Qb7 35.Bxd6 Bxd6 36.Rxd6 Nb6
37.f4 e5 38.fxe5 Rxe5 39.Qf2 Re6 40.e5 Qb8 41.Bh3 Rxd6 42.exd6 Rd8 43.Qf4 g6
44.Bg2 Nd7 45.Bd5 Rf8 46.Re1 Kg7 47.Bc6 Nf6 48.Qd4 Rd8 49.d7 Qc7 50.Rf1  1-0

[Event "South Bohemia Open"]
[Site "Cesky Krumlov CZE"]
[Date "2008.10.15"]
[Round "6"]
[White "De Vrieze,M"]
[Black "Amstadt,A"]
[Result "0-1"]
[WhiteElo "2026"]
[BlackElo "2196"]

1.d4 Nf6 2.c4 e6 3.g3 Bb4+ 4.Bd2 Qe7 5.Bg2 Nc6 6.Nf3 Bxd2+ 7.Nbxd2 d6 8.O-O a5
9.h3 O-O 10.e3 e5 11.b3 Bf5 12.a3 Bd3 13.Re1 e4 14.Nh2 d5 15.c5 b6 16.Rc1 Rfc8
17.Bf1 Bxf1 18.Ndxf1 Nd7 19.Qh5 Qe6 20.Kg2 bxc5 21.dxc5 Nde5 22.Red1 Nd3
23.Rc3 Rab8 24.Qe2 Nce5 25.f4 Nd7 26.Qc2 f5 27.g4 g6 28.Ng3 d4 29.Rc4 dxe3
30.Ne2 Nf6 31.Kg3 Nd5 32.Nd4 Qd7 33.Rxd3 exd3 34.Qxd3 Re8 35.Nhf3 c6 36.Ne5 Rxe5
37.fxe5 f4+ 38.Kf3 Rf8 39.e6 Qe7 40.Nxc6 Qxe6 41.Nxa5 Re8 42.Rc2 h5 43.c6 hxg4+
44.hxg4 Kg7 45.c7 Nf6 46.Rg2 Nxg4 47.Rxg4 e2 48.Qc3+ Kg8 49.c8=Q Qe4+  0-1

[Event "IM"]
[Site "Petah Tiqwa ISR"]
[Date "2008.10.24"]
[Round "4"]
[White "Galburd,Y"]
[Black "Shutzman,J"]
[Result "1-0"]
[WhiteElo "2267"]
[BlackElo "2333"]

1.d4 Nf6 2.g3 e6 3.c4 Bb4+ 4.Bd2 Qe7 5.Nf3 O-O 6.Bg2 Bxd2+ 7.Nbxd2 d6 8.e4 e5
9.d5 c5 10.O-O Ne8 11.a3 g6 12.b4 Na6 13.Rb1 f5 14.exf5 Bxf5 15.Rb2 g5 16.Re1 Qg7
17.Ne4 Bxe4 18.Rxe4 Nf6 19.Ree2 e4 20.Nd2 e3 21.Rxe3 cxb4 22.Ra2 bxa3 23.Raxa3 Nc5
24.Nb3 Nxb3 25.Raxb3 Rac8 26.Qe2 Rf7 27.Re6 Rcf8 28.Rf3 Rd8 29.Rfe3 a5 30.Bh3 g4
31.Bg2 a4 32.Qa2 Ra8 33.Rxd6 Nd7 34.Rde6 Nc5 35.R6e5 Nd3 36.Re8+ Rxe8 37.Rxe8+ Rf8
38.Qxa4 Qd4 39.Rxf8+ Kxf8 40.Qa8+ Kg7 41.Qxb7+ Kh6 42.Qa6+ Kg7 43.Qa2 Ne1
44.Qe2 Qa1 45.Qxg4+ Kf8 46.Bf1 Qf6 47.Qc8+ Kg7 48.Qe6 Nf3+ 49.Kg2 Qc3 50.Qg4+  1-0

[Event "TCh-HUN 2008-9"]
[Site "Decs HUN"]
[Date "2008.10.26"]
[Round "1"]
[White "Szepes,T"]
[Black "Amstadt,A"]
[Result "0-1"]
[WhiteElo "2090"]
[BlackElo "2196"]

1.d4 Nf6 2.c4 e6 3.g3 Bb4+ 4.Bd2 Qe7 5.Bg2 Nc6 6.Nf3 Bxd2+ 7.Nbxd2 d6 8.O-O a5
9.e4 O-O 10.Qc2 e5 11.d5 Nb4 12.Qc3 Bd7 13.Ne1 c6 14.a3 Na6 15.Qxa5 cxd5
16.exd5 Nc5 17.Qc3 b5 18.b3 bxc4 19.Nxc4 Rfb8 20.b4 Na4 21.Qb3 Bb5 22.Nc2 Qd7
23.N2e3 g6 24.Rfc1 Rc8 25.Nb2 Rxc1+ 26.Rxc1 Nb6 27.Bf1 Bxf1 28.Rxf1 Qh3 29.a4 Kg7
30.Rd1 Rc8 31.a5 Nbd7 32.Nbc4 Ne4 33.a6 Ng5 34.Nf1 Qg4 35.Ncd2 Nh3+ 36.Kg2 Nf4+
37.Kh1 Nh3 38.Ne3 Qe2 39.Ne4 Qf3+  0-1

[Event "Russia Cup Final"]
[Site "Serpuhov RUS"]
[Date "2008.11.12"]
[Round "4.4"]
[White "Landa,K"]
[Black "Bocharov,D"]
[Result "1/2-1/2"]
[WhiteElo "2613"]
[BlackElo "2597"]

1.d4 Nf6 2.c4 e6 3.g3 Bb4+ 4.Bd2 a5 5.Bg2 O-O 6.Nf3 b6 7.Ne5 Ra7 8.O-O Bb7
9.a3 Bxd2 10.Qxd2 Bxg2 11.Kxg2 d6 12.Nf3 d5 13.cxd5 exd5 14.Nc3 c6 15.b4 b5
16.Ne5 Nfd7 17.Nd3 Nb6 18.Nc5 N8d7 19.Qf4 Nc4 20.Rfd1 Nxc5 21.dxc5 Re8 22.e4 d4
23.bxa5 Rd7 24.Ne2 d3 25.Nc1 d2 26.Nb3 Rd3 27.Rab1 Nxa3 28.Rb2 Nc4 29.Rbb1 Na3
30.Rb2 Nc4 31.Rbb1 Na3 32.Rb2 Nc4 33.Rbb1 Na3 34.Rb2 Nc4  1/2-1/2

[Event "38th Olympiad"]
[Site "Dresden GER"]
[Date "2008.11.22"]
[Round "9"]
[White "Pitterson,J"]
[Black "Meddeb,A"]
[Result "1/2-1/2"]
[WhiteElo "2223"]
[BlackElo "2071"]

1.d4 Nf6 2.c4 e6 3.g3 Bb4+ 4.Bd2 Qe7 5.Nf3 Ne4 6.Bg2 O-O 7.O-O d5 8.Bf4 Bd6
9.Ne5 Bxe5 10.dxe5 c6 11.Nd2 Nxd2 12.Qxd2 Nd7 13.e4 dxc4 14.Rfd1 a5 15.Rac1 b5
16.b3 cxb3 17.axb3 Nb8 18.Bg5 Qc7 19.Bd8 Qxe5 20.f4 Qh5 21.e5 a4 22.bxa4 bxa4
23.Qd6 a3 24.Rd2 f5 25.Ra1 Qf7 26.Rxa3 Rxa3 27.Qxa3 Ba6 28.Be7 Re8 29.Bd6 Bb5
30.Rc2 Qb7  1/2-1/2

[Event "21st Belgrade Trophy"]
[Site "Obrenovac SRB"]
[Date "2008.11.27"]
[Round "1"]
[White "Antic,De"]
[Black "Ljangov,P"]
[Result "1-0"]
[WhiteElo "2489"]
[BlackElo "2078"]

1.d4 Nf6 2.c4 e6 3.g3 Bb4+ 4.Bd2 Bxd2+ 5.Qxd2 d6 6.Bg2 O-O 7.Nc3 Nbd7 8.Nf3 c6
9.O-O e5 10.e4 Re8 11.Rad1 Qc7 12.Rfe1 Nf8 13.h3 Bd7 14.Qc2 Ne6 15.Qd2 c5
16.dxe5 dxe5 17.Qd6 Qxd6 18.Rxd6 Nd4 19.Nxd4 cxd4 20.Nd5 Be6 21.Nc7 Red8
22.Rxd8+ Rxd8 23.Nd5 Kf8 24.f4 exf4 25.gxf4 b5 26.b3 bxc4 27.bxc4 Rc8 28.Bf1 Rb8
29.Nxf6 gxf6 30.f5 Bd7 31.Rd1 Rb2 32.Rxd4 Ke7 33.a3 Rb3 34.Rd3 Rb1 35.Kf2 Bc6
36.Rg3 Kf8 37.Bd3 Rb2+ 38.Ke3 Rb3 39.Kd4 Rxa3 40.Rg1 Rb3 41.Ra1 Rb7 42.Ra6 Rc7
43.e5 fxe5+ 44.Kxe5 Bg2 45.h4 Rd7 46.Rd6 Ke8 47.f6 h5 48.c5 Rb7  1-0

[Event "TCh-HUN 2008-9"]
[Site "Budapest HUN"]
[Date "2008.11.30"]
[Round "3"]
[White "Nemeth,D"]
[Black "Fusthy,Z"]
[Result "1/2-1/2"]
[WhiteElo "2139"]
[BlackElo "2323"]

1.d4 Nf6 2.c4 e6 3.g3 Bb4+ 4.Bd2 Qe7 5.Nf3 O-O 6.Bg2 Bxd2+ 7.Nbxd2 d6 8.O-O e5
9.e4 a5 10.Qc2 Bg4 11.h3 Bxf3 12.Nxf3 Nc6 13.Rfd1 Rfe8 14.b3 Nb4 15.Qe2 exd4
16.Nxd4 Qe5 17.Nb5 Rac8 18.Qd2 Kf8 19.a3 Na6 20.Re1 Nc5 21.Qc2 c6 22.f4 Qe7
23.Nc3 g6 24.e5 Nfd7 25.b4 axb4 26.axb4 dxe5 27.bxc5 Qxc5+ 28.Qf2 exf4 29.gxf4 Rxe1+
30.Rxe1 Qxc4 31.Qe3 Qc5 32.Ne4 Qxe3+ 33.Rxe3 Rb8 34.Nd6 Nc5 35.Rc3 Rd8 36.Nc4 Rd4
37.Na5 b6 38.Nb3 Nxb3 39.Rxb3 Rxf4 40.Bxc6 h5 41.Rxb6 Kg7 42.Bd5  1/2-1/2

[Event "Mediterranean Open"]
[Site "Rijeka CRO"]
[Date "2008.11.30"]
[Round "2"]
[White "Javakhishvili,L"]
[Black "Fucak,E"]
[Result "1/2-1/2"]
[WhiteElo "2473"]
[BlackElo "2253"]

1.d4 e6 2.c4 Nf6 3.g3 Bb4+ 4.Bd2 Bxd2+ 5.Qxd2 O-O 6.Bg2 d5 7.Nf3 Nbd7 8.Qc2 c6
9.Nbd2 b6 10.e4 Nxe4 11.Nxe4 dxe4 12.Qxe4 Bb7 13.Rd1 Qc7 14.O-O Rfd8 15.Ne5 Nxe5
16.dxe5 Rab8 17.Qe2 c5 18.Bxb7 Rxb7 19.Rd3 Rxd3 20.Qxd3 g6 21.f4 Qd7 22.Rd1 Qxd3
23.Rxd3 Kf8 24.Kf2 Ke7 25.g4 Rd7 26.Rxd7+ Kxd7 27.h4 h6 28.Ke3 Ke7 29.Ke4 Kd7
30.a3 Kc6 31.h5 gxh5 32.gxh5 a6  1/2-1/2

[Event "4 Nations"]
[Site "Donostia ESP"]
[Date "2008.12.20"]
[Round "2"]
[White "Franco Alonso,A"]
[Black "Gozzoli,Y"]
[Result "1/2-1/2"]
[WhiteElo "2490"]
[BlackElo "2503"]

1.d4 Nf6 2.c4 e6 3.g3 Bb4+ 4.Bd2 c5 5.Bxb4 cxb4 6.Bg2 O-O 7.e3 d6 8.Ne2 e5
9.a3 Nc6 10.axb4 Nxb4 11.Qd2 a5 12.Nbc3 Qc7 13.b3 Bd7 14.O-O Bc6 15.e4 Rfe8
16.f3 Qb8 17.Na2 Nxa2 18.Rxa2 b5 19.Rxa5 Rxa5 20.Qxa5 bxc4 21.bxc4 Qb2 22.dxe5 dxe5
23.Re1 h5 24.Qc3 Qb8 25.Qe3 Qb4 26.Rc1 Ra8 27.Bf1 Bxe4 28.fxe4 Ng4 29.Qf3 Qc5+
30.Kh1 Ra6 31.h3 Rf6 32.Nf4 exf4 33.hxg4 hxg4 34.Qxg4 Qe3 35.Rd1 fxg3 36.Bh3 Qf2
37.Rd8+ Kh7 38.Qh5+ Rh6 39.Qf5+ Qxf5 40.exf5 Rxh3+ 41.Kg2 Rh4 42.Kxg3 Rxc4
43.Rd7 f6 44.Kf3 Kh6 45.Kg3 Kg5 46.Rxg7+ Kxf5 47.Ra7  1/2-1/2

[Event "8th Amplico AIG Life Rapid"]
[Site "Warsaw POL"]
[Date "2008.12.21"]
[Round "9"]
[White "Strebkovs,A"]
[Black "Pacuszka,T"]
[Result "0-1"]
[WhiteElo "2441"]
[BlackElo "2295"]

1.d4 Nf6 2.c4 e6 3.g3 Bb4+ 4.Bd2 Qe7 5.Bg2 O-O 6.a3 Bxd2+ 7.Nxd2 d6 8.Ngf3 Nc6
9.O-O e5 10.d5 Nb8 11.e4 g6 12.Ne1 Nh5 13.Nd3 f5 14.exf5 Bxf5 15.Ne4 Bxe4
16.Bxe4 Nd7 17.Qd2 b6 18.Rae1 Qg7 19.b4 a5 20.Rc1 axb4 21.axb4 Nhf6 22.Bg2 g5
23.Rfe1 Rae8 24.Bh3 e4 25.Nb2 Ne5 26.Bg2 Nfg4 27.Rxe4 Rxf2 28.Re2 Ref8 29.Rce1 Rxg2+
30.Kxg2 Nf3 31.Qc1 Nxe1+ 32.Qxe1 Qd4 33.h3 Ne5 34.Qd2 Qxd2 35.Rxd2 Ra8 36.Kf2 Ra2
37.Ke2 Ra3 38.c5 bxc5 39.bxc5 Rxg3 40.cxd6 cxd6 41.Nd1 Rxh3 42.Rd4 Rh2+ 43.Ke3 Rh3+
44.Ke2 h5 45.Nf2 Ra3 46.Ne4 Nf7 47.Nf6+ Kg7 48.Ne8+ Kg6 49.Re4 g4 50.Re6+ Kg5
51.Re7 Rf3 52.Nc7 h4 53.Ne6+ Kf6 54.Ra7 h3 55.Nd4 Rc3 56.Kf2 g3+ 57.Kf1 h2
58.Kg2 Rc1  0-1

[Event "1st Asian Clubs"]
[Site "Al Ain UAE"]
[Date "2008.12.29"]
[Round "5"]
[White "Bayarmandah,B"]
[Black "Algildah,K"]
[Result "1/2-1/2"]
[WhiteElo "2339"]
[BlackElo "2027"]

1.d4 Nf6 2.c4 e6 3.g3 Bb4+ 4.Bd2 Qe7 5.Bg2 O-O 6.Nc3 d6 7.a3 Bxc3 8.Bxc3 e5
9.e3 Nbd7 10.Ne2 c6 11.Qc2 Re8 12.O-O-O e4 13.h3 b5 14.d5 cxd5 15.cxb5 Ne5
16.Kb1 Qb7 17.Nd4 Bd7 18.Bf1 Rec8 19.Be2 Nc4 20.Bxc4 Rxc4 21.Qd2 Rb8 22.b3 Rcc8
23.a4 a6 24.bxa6 Qxa6 25.Bb2 Rb7 26.Rc1 Rcb8 27.Rc2 Qd3 28.Rd1 Bxa4 29.Qxd3 exd3
30.Rxd3 Bd7 31.g4 Ne4 32.Ba3 Ra8 33.Kb2 Rba7 34.b4 Ba4 35.Re2 Bd1 36.f3 Bxe2
37.Nxe2 Nf2 38.Rb3 Nd1+ 39.Ka2 Kf8 40.b5 Ke8 41.Nf4 Rxa3+ 42.Rxa3 Nc3+ 43.Kb3 Rxa3+
44.Kxa3 Nxb5+ 45.Kb4 Nc7 46.Ka5 Ne6 47.Nxd5 Ng5 48.Kb5 Kd7 49.f4 Nxh3 50.g5 Nf2
51.Kc4 Ne4 52.Kd4 f5 53.gxf6 Nxf6 54.Nc3 h5 55.e4 h4 56.Ke3 Ke6 57.Kf3 d5
58.exd5+ Nxd5 59.Ne2 Nf6 60.Nd4+  1/2-1/2

[Event "17th Donau Open"]
[Site "Aschach AUT"]
[Date "2008.12.31"]
[Round "7"]
[White "Jurek,J"]
[Black "Borosova,Z"]
[Result "1/2-1/2"]
[WhiteElo "2354"]
[BlackElo "2234"]

1.d4 Nf6 2.c4 e6 3.g3 Bb4+ 4.Bd2 Qe7 5.Bg2 Nc6 6.Nf3 e5 7.dxe5 Nxe5 8.Nxe5 Bxd2+
9.Qxd2 Qxe5 10.Nc3 O-O 11.O-O Rb8 12.Rac1 b6 13.Nd5 Nxd5 14.cxd5 Ba6 15.Bf3 Rbc8
16.Rc3 Bb5 17.Rfc1 c5 18.dxc6 dxc6 19.Qc2 a5 20.a4 Ba6 21.Qb3 b5 22.Rxc6 Rxc6
23.Rxc6 bxa4 24.Qc2 Bb5 25.Rc5 Qb8 26.Bd5 Qb6 27.h4 Bxe2 28.Rc8 Bg4 29.Rxf8+ Kxf8
30.Qxa4 Qb4 31.Qc6 Be6 32.Bxe6 Qe1+ 33.Kg2 fxe6 34.Qb7 Qe5 35.b3 h5 36.Kh2 Kg8
37.Qa8+ Kf7 38.Qf3+ Ke7 39.Qd3 Kf6 40.f4 Qc5 41.Qd8+ Kf7 42.Qd7+ Kf6 43.Qd8+ Kf7  1/2-1/2

[Event "Hilton Schachfestival"]
[Site "Basel SUI"]
[Date "2009.01.04"]
[Round "7"]
[White "Loetscher,R"]
[Black "Prohaszka,P2"]
[Result "1/2-1/2"]
[WhiteElo "2362"]
[BlackElo "2512"]

1.d4 Nf6 2.c4 e6 3.g3 Bb4+ 4.Bd2 Qe7 5.Nf3 Nc6 6.Nc3 Bxc3 7.Bxc3 Ne4 8.Rc1 O-O
9.Bg2 Nxc3 10.Rxc3 a5 11.O-O d6 12.c5 e5 13.cxd6 cxd6 14.dxe5 dxe5 15.Nd2 Rd8
16.Bxc6 bxc6 17.Qc2 Bh3 18.Rc1 Rd5 19.Rxc6 Rad8 20.Nf1 h6 21.Qb1 Qb7 22.Ne3 Rd2
23.R6c2 Qb5 24.Re1 a4 25.Qc1  1/2-1/2

[Event "Australian Open"]
[Site "Manly Sydney AUS"]
[Date "2009.01.04"]
[Round "5"]
[White "Smirnov,Vl1"]
[Black "Wohl,A"]
[Result "1/2-1/2"]
[WhiteElo "2372"]
[BlackElo "2342"]

1.d4 Nf6 2.c4 e6 3.g3 Bb4+ 4.Bd2 a5 5.Bg2 O-O 6.Nf3 Ne4 7.O-O Nxd2 8.Nbxd2 Be7
9.e4 d6 10.Qe2 Nd7 11.e5 dxe5 12.dxe5 Nc5 13.Ne4 Qd3 14.Rfe1 Qxe4 15.Qxe4 Nxe4
16.Rxe4 Bd7 17.Rd4 Rad8 18.Rad1 Bc6 19.Rxd8 Rxd8 20.Rxd8+ Bxd8 21.Nd2  1/2-1/2

[Event "TCh-HUN 2008-9"]
[Site "Budapest HUN"]
[Date "2009.01.11"]
[Round "5"]
[White "Anka,E"]
[Black "Berczes,C"]
[Result "1/2-1/2"]
[WhiteElo "2389"]
[BlackElo "2399"]

1.d4 Nf6 2.c4 e6 3.g3 Bb4+ 4.Bd2 Qe7 5.Nf3 Nc6 6.Nc3 Bxc3 7.Bxc3 Ne4 8.Rc1 O-O
9.Bg2 a5 10.O-O Nb4 11.Qa4 Nxc3 12.Rxc3 d6 13.a3 Nc6 14.d5 Nd8 15.dxe6 Nxe6
16.b4 axb4 17.Qxb4 Nc5 18.Nd4 Qf6 19.Rd1 Bd7 20.Rf3 Qg6 21.Re3 Rfe8 22.Rxe8+ Rxe8
23.Qa5 c6 24.Bf3 h5 25.h4 Bg4 26.Kg2 Bxf3+ 27.Nxf3 Qe6 28.e3 Qxc4 29.Rxd6 g6
30.Ng5 Ne6 31.Nxe6 Rxe6 32.Qa8+ Kg7 33.Rxe6 Qxe6 34.Qxb7 Qd5+ 35.Kh2 Qd2
36.Qxc6 Qxf2+ 37.Qg2 Qxe3 38.Qb2+ Kg8 39.a4 Qc5 40.Qa2 Qa5  1/2-1/2

[Event "7th Gibtelecom Masters"]
[Site "Caleta ENG"]
[Date "2009.01.30"]
[Round "4"]
[White "Natalicchio Escalante,N"]
[Black "Kiik,K"]
[Result "0-1"]
[WhiteElo "2238"]
[BlackElo "2466"]

1.d4 Nf6 2.c4 e6 3.g3 Bb4+ 4.Bd2 Qe7 5.Bg2 Nc6 6.Nf3 Bxd2+ 7.Nbxd2 d6 8.O-O O-O
9.e4 e5 10.d5 Nb8 11.b4 a5 12.a3 Na6 13.Ne1 c6 14.Nd3 cxd5 15.cxd5 axb4 16.axb4 Bd7
17.Qb3 Nc7 18.Nc4 Nb5 19.Qb2 Rxa1 20.Rxa1 h5 21.Re1 Rc8 22.Nb6 Rc3 23.Bf1 Rc7
24.Bg2 Nd4 25.Rc1 Bb5 26.Nc8 Qd8  0-1